Culture Générale - Série 625 - Statistiques

Statistiques générales
  • Ce quiz a été pris 396 fois
  • Le résultat moyen est 7 sur 10
Statistiques - réponses
Question Réponse % Correct
A quel psychanalyste autrichien doit-on la théorie du "complexe d'Oedipe" ? Sigmund Freud
92%
En 2010, à quel rappeur belge doit-on le tube "Alors on danse"? Stromae
91%
Dans la série animée "Les Simpson", quel est le prénom du mari de Marge ? Homer
88%
De quel pays la mimolette est-elle originaire ? Pays-Bas
86%
Quelle est la nationalité du plus grand coureur cycliste de tous les temps, Eddy Merckx ? Belge
81%
Dans quelle saga cinématographique Keanu Reeves incarne-t-il Neo ? Matrix
73%
Quel État des États-Unis a Austin comme capitale ? Texas
73%
Quel homme politique italien est surnommé "Il Cavaliere" ? Silvio Berlusconi
67%
Dans la série d'animation "Il était une fois... l'Homme", quel est le nom du grand sage et inventeur distrait, à la longue barbe blanche ? Maestro
25%
Dans quelle ville du Gers se tient chaque année, le plus important festival de musique country d'Europe ? Mirande
7%
Aucun quiz correspondant
Distribution des résultats
% des personnes avec chaque résultat
Percentile par nombre de réponses
Votre historique - résultats
Vous n’avez pas pris ce quiz